The British Labour Party Quiz - Statistics

General Stats
  • This quiz has been taken 123 times
  • The average score is 10 of 13
Answer Stats
Question Answer % Correct
What heathcare service was created by Labour? The NHS
94%
Who started "New Labour"... Tony Blair
92%
Fill in the blank: For the many, not the ___. Few
91%
...and who was his successor? Gordon Brown
90%
When was the last year Labour was the ruling Party? 2010
88%
Who was the first Labour Prime Minister with a majority government? Clement Attlee
79%
Which Labour Leader famously was pictured eating a bacon sandwich? Ed Milliband
79%
Which Barrister is now the Labour Party's Leader? Kier Starmer
79%
Who was the first Labour Prime Minister? Ramsay MacDonald
66%
To who did the above slogan belong to? Jeremy Corbyn
65%
What Party split from Labour under Callaghan? The Social Democratic Party
64%
What year was the Labour Party started? 1900
60%
What Party is affiliated, and essentially part of the Labour Party? The Co-Operative Party
36%
No matching quizzes found
Score Distribution
Percent of People with Each Score
Percentile by Number Answered
Your Score History
You have not taken this quiz